Αναπαραστάσεις του φυσικού κόσμου : γνωστική, επιστημολογική και διδακτική προσέγγιση
Αποθηκεύτηκε σε:
| Άλλοι συγγραφείς: | |
|---|---|
| Μορφή: | Βιβλίο |
| Γλώσσα: | Greek |
| Δημοσίευση: |
Αθήνα :
Gutenberg,
1994, 2002.
|
| Σειρά: | Ψυχολογία (Gutenberg)
5 |
| Θέματα: | |
| Ετικέτες: |
Προσθήκη ετικέτας
Δεν υπάρχουν, Καταχωρήστε ετικέτα πρώτοι!
|
MARC
| LEADER | 00000cam a2200000 i 4500 | ||
|---|---|---|---|
| 001 | 1/80969 | ||
| 008 | 970228r20021994gr | ||| |||| ||gre|| | ||
| 020 | |a 9600105227 | ||
| 035 | |a 1995 |b 1 |c Δωρεά |l 10033576 | ||
| 040 | |a GR-MyUA |b gre |e AACR2 | ||
| 041 | 0 | |a gre | |
| 082 | 7 | |a 155.413 |2 (23) | |
| 245 | 0 | 0 | |a Αναπαραστάσεις του φυσικού κόσμου : |b γνωστική, επιστημολογική και διδακτική προσέγγιση / |c εισαγωγή-επιμέλεια: Βασίλης Κουλαϊδής. |
| 260 | |a Αθήνα : |b Gutenberg, |c 1994, 2002. | ||
| 300 | |a 365 σ. : |b εικ. ; |c 21 εκ. | ||
| 490 | 1 | |a (Ψυχολογία / Gutenberg ; |v 5) | |
| 504 | |a Περιέχει ευρετήρια. | ||
| 650 | 0 | 0 | |a Cognitive psychology. |
| 650 | 0 | 0 | |a Learning, Psychology of. |
| 650 | 0 | 0 | |a Cognition in children. |
| 700 | 1 | |a Κουλαϊδής, Βασίλης, |e edt |e aui | |
| 830 | 0 | |a Ψυχολογία (Gutenberg) |v 5 | |
| 852 | |a INST |b LESVOS |c EUDOXUS |e 20160811 |h 155.413 ΑΝΑ |p 005100058463 |q 005100058463 |t EDX |y 0 | ||
| 852 | |a INST |b RHODES |e 19970228 |h 155.413 ΑΝΑ |p 005400007361 |q 005400007361 |t BK |y 0 | ||
| 852 | |a INST |b RHODES |e 19970228 |h 155.413 ΑΝΑ |p 005400007362 |q 005400007362 |t BK |y 0 | ||
| 852 | |a INST |b RHODES |e 19970228 |h 155.413 ΑΝΑ |p 005400007363 |q 005400007363 |t BK |y 0 | ||
| 852 | |a INST |b RHODES |e 19970228 |h 155.413 ΑΝΑ |p 005400007364 |q 005400007364 |t BK |y 0 | ||
| 852 | |a INST |b RHODES |e 19970228 |h 155.413 ΑΝΑ |p 005400007365 |q 005400007365 |t BK |y 0 | ||
| 852 | |a INST |b RHODES |e 19980429 |h 155.413 ΑΝΑ |p 005400010715 |q 005400010715 |t BK |y 0 | ||
| 852 | |a INST |b SAMOS |e 19980409 |h 155.413 ΑΝΑ |p 005300011824 |q 005300011824 |t BK |y 0 | ||
| 852 | |a INST |b SYROS |e 20010221 |h 155.413 ΑΝΑ |p 005500001386 |q 005500001386 |t BK |y 0 | ||
| 901 | |a BIBL5-2001-1 | ||
| 901 | |a BIBL-1998-1 | ||
| 909 | |a Ρ |b 028251 | ||
| 909 | |a Ρ |b 028253 | ||
| 909 | |a Ρ |b 053765 | ||
| 909 | |a Ε |b 085667 | ||
| 909 | |a Ρ |b 028250 | ||
| 909 | |a Ρ |b 028252 | ||
| 909 | |a Ρ |b 028254 | ||
| 909 | |a Σ |b 053723 | ||
| 920 | |a Εύδοξος |b Επιστροφή Ρόδος |y Λέσβος |z 2016-08 | ||
| 922 | |a 3ΕΛΗ |b 199803 |c ΚΠΣ |d Emvasis | ||
| 970 | |a Κοντού |b Παρασκευή |z 2001/02/21 | ||